| 000 | 00662nam a2200229Ia 4500 | ||
|---|---|---|---|
| 003 | OSt | ||
| 005 | 20220928102204.0 | ||
| 006 | a|||||r|||| 00| 0 | ||
| 007 | ta | ||
| 008 | 220927b |||||||| |||| 00| 0 eng d | ||
| 024 | _a39738 | ||
| 037 | _cTextual | ||
| 040 |
_aSDCL _cSDCL _beng |
||
| 041 |
_2eng _aeng |
||
| 082 | _aX62.1'N8, M5 | ||
| 100 |
_aSnowden P N _9397023 |
||
| 245 | 0 |
_aEmerging risk in international banking _b Origins of financial vulnerability in the 1980s. |
|
| 260 |
_aLondon _bGeorge Allen and Unwin _c1985 |
||
| 300 |
_a146p _ccm. |
||
| 942 |
_hX62.1'N8, M5 _cTEXL _2CC |
||
| 999 |
_c712793 _d712793 |
||